| 000 | 00865nam a2200241 a 4500 | ||
|---|---|---|---|
| 999 |
_c841 _d841 |
||
| 001 | 841 | ||
| 003 | BD-JhCC | ||
| 005 | 20171011192556.0 | ||
| 008 | 171010s2015 bg a|||| |||| 000 0 ben d | ||
| 020 | _a9789848765159 | ||
| 035 | _a(BD-JhCC) 841 | ||
| 040 |
_aBD-JhCC _dBD-JhCC |
||
| 041 | _aben | ||
| 082 |
_a955 _bSHA 2015 |
||
| 100 | _aশাহনাওয়াজ, এ কে এম | ||
| 245 |
_aপারস্য ও অন্যান্য : _bহিট্টাইট, লিডিয়া, ফিনিশিয়া / _cএ কে এম শাহনাওয়াজ |
||
| 260 |
_aঢাকা : _bপ্রথমা প্রকাশন, _c২০১৫. |
||
| 300 |
_a32 p. : _bill. ; _c24 cm. |
||
| 490 | _aপ্রাচীন সভ্যতা সিরিজ ৩ | ||
| 651 |
_aPersian _xCivilization |
||
| 942 |
_2ddc _cBK |
||